000 00711nam a2200205Ia 4500
003 GCL
005 20240530102402.0
008 140319s9999 xx 000 0 ara d
040 _aGCL /
_cGCL
082 0 4 _a414.5
_bص ش
100 1 _aصفى الدين الحلى، عبدالعزيز
245 1 0 _aشرح الكافية البديعية فى علوم البلاغة ومحاسن البديع /
_cصفى الدين الحلى، عبدالعزيز
260 _a[S.N] :
_bمجمع اللغة العربية ،
_c1982
300 _a479 ص
650 0 4 _aاللغة العربية
650 0 4 _aالبلاغة العربية
650 0 4 _aالبديع
700 1 _aنسيب نشاوى
942 _2ddc
_cBK
999 _c31862
_d31862